000
00342 a2200157 4500
001
164282
020
_a
040
_c
Magnum
100
_a
Rego, José Lins do
240
1
0
_a
Histórias da velha totônia
_l
por
245
1
0
_a
Histórias da velha totônia
362
0
_a
1899
440
1
_a
José Olympio
697
_a
A/CONTO
942
_c
BK
999
_c
164282
_d
164282